banner koha

Epocas do plantio e colheita da mandioca (Registro n. 305341)

MARC details
000 -LÍDER
campo de controle de tamanho fixo 01012naa a22002897a 4500
001 - NÚMERO DE CONTROLE
campo de controle BR7320053
003 - IDENTIFICADOR DO NÚMERO DE CONTROLE
campo de controle BR-BrBNA
005 - DATA E HORÁRIO DA ÚLTIMA TRANSAÇÃO
campo de controle 20240918173542.0
007 - CAMPO FIXO DE DESCRIÇÃO FÍSICA--INFORMAÇÃO GERAL
campo de controle de tamanho fixo ta
008 - CAMPO DE DADOS FIXOS--INFORMAÇÃO GERAL
campo de controle de tamanho fixo 230509b bl.||||| |||| 00| 0 por d
040 ## - FONTE DA CATALOGAÇÃO
Instituição da catalogação original BR-BrBNA
Idioma da catalogação por
Instituição que transcreveu o registro Biblioteca Nacional de Agricultura
041 ## - CÓDIGO DE IDIOMA
Código do idioma do texto/trilha sonora ou título diferente (Pt)
072 ## - CÓDIGO DE CATEGORIA DE ASSUNTO
Código de Categoria de Assunto F00
Código do objeto 1540
090 ## - NÚMERO DE CHAMADA LOCAL
Número de chamada F00 BR7320053
100 1# - ENTRADA PRINCIPAL--NOME PESSOAL
Nome pessoal Menezes, D.M. de
111 1# - ENTRADA PRINCIPAL--NOME DO EVENTO
Nome do evento ou lugar 5. Reuniao da Comissao Nacional da Mandioca
Local do evento Sete Lagoas, MG (Brazil)
Data do evento ou assinatura do tratado 1971
245 1# - TÍTULO
Título Epocas do plantio e colheita da mandioca
260 3# - PUBLICAÇÃO, DISTRIBUIÇÃO, ETC.
Local de publicação, distribuição, etc. Sete Lagoas, MG (Brasil):
Data da publicação, distribuição, etc. 1971.
500 ## - NOTA GERAL
Nota geral Anais da 5. Reuniao da Comissao Nacional da Mandioca 1971<br/>Sete Lagoas, MG (Brasil): 1971. p. 59-62<br/>(BR7320053-AM)F00<br/>
650 ## - ASSUNTO--TERMO TÓPICO
Cabeçalho tópico ou nome geográfico Producao vegetal
650 ## - ASSUNTO--TERMO TÓPICO
Cabeçalho tópico ou nome geográfico Mandioca
650 ## - ASSUNTO--TERMO TÓPICO
Cabeçalho tópico ou nome geográfico Plantio
650 ## - ASSUNTO--TERMO TÓPICO
Cabeçalho tópico ou nome geográfico Colheita
773 0# - ENTRADA ANALÍTICA
Título Anais da 5. Reuniao da Comissao Nacional da Mandioca 1971
Número de controle do registro F00 BR7320053
Partes relacionadas Sete Lagoas, MG (Brasil), 1971. p. 59-62
909 ## -
-- 202404
-- Lucia
-- 55
-- Lucia Elande
942 ## - ELEMENTOS DE ENTRADA ADICIONADOS (KOHA)
Tipo de material Koha Capítulo-Livro
Fonte da classificação ou esquema de arquivamento na estante Classificação AGRIS
Exemplares
Situação do descarte Fonte da classificação ou esquema de arquivamento na estante Situação física Não pode ser emprestado Coleção Biblioteca de origem Biblioteca atual Localização na estante Total de empréstimos Número de telefone completo Data de último acesso Número do exemplar Tipo de material Koha Situação das perdas Data de aquisição Fonte de aquisição
  Classificação AGRIS       Biblioteca Nacional de Agricultura - Binagri Biblioteca Nacional de Agricultura - Binagri Agrobase - Acervo Geral   1540 BR7320043 20/05/2024 01 Capítulo-Livro   2024-04-11 Portaria Interministerial nº 164/94

BINAGRI

Telefone: (61)3218-2567/2388/3357/2097 - binagri@agro.gov.br

Ministério da Agricultura e Pecuária , Esplanada dos Ministérios, Bloco D, Anexo B, Brasília/DF, CEP: 70.043-900